| 000 | 00405nam a22001217a 4500 | ||
|---|---|---|---|
| 008 | 230622b |||||||| |||| 00| 0 eng d | ||
| 040 |
_aNational Science Library _cNational Science Library |
||
| 080 |
_a627.43/.45(082.2) _bK3 |
||
| 245 | _aSymposium on design & construction of weirs and spillways | ||
| 260 |
_aHyderabad: _bDepartment of Civil Engineers, _c1963 |
||
| 650 | _aSymposium | ||
| 942 |
_2udc _cSYM |
||
| 999 |
_c46113 _d46113 |
||